Anforderungen an den Leitungsprozess und die Leitungstätigkeit zur Beschleunigung des Kreislaufs der intensiv erweiterten Reproduktion

Na minha lista:
Detalhes bibliográficos
Formato: Livro
Idioma:alemão
Publicado em: Berlin Hochschule für Ökonomie "Bruno Leuschner" 1988
Edição:1. Aufl.
Tags: Adicionar Tag
Sem tags, seja o primeiro a adicionar uma tag!

MARC

LEADER 00000nam a2200000 4500
001 c033859
005 20221219110730.2
041 0 |a ger 
044 |a DE 
245 1 0 |a Anforderungen an den Leitungsprozess und die Leitungstätigkeit zur Beschleunigung des Kreislaufs der intensiv erweiterten Reproduktion 
250 |a 1. Aufl. 
264 1 |a Berlin  |b Hochschule für Ökonomie "Bruno Leuschner"  |c 1988 
300 |a 288 s.